00253nam a2200097 4500082001200000100001500012245004500027260002100072300000800093650005400101 a546 HES aHeslop R.B aNumerical Aspects of Inorganic Chemistry aLondonbElsevier a189 aChemistryaInorganic ChemistryaNumerical Aspects